| 000 | 00532nam a2200169 i 4500 | ||
|---|---|---|---|
| 001 | 78278 | ||
| 003 | ES-MaACL | ||
| 007 | t| | ||
| 008 | 041013s1975 sp ||||1| spa d | ||
| 100 | 1 |
_aNovalis. _986059 |
|
| 245 | 1 | 0 |
_aHimnos a la noche _b: ; Enrique de Ofterdingen / _cNovalis (seud) ; edición preparada por Eustaquio Barjau. |
| 260 |
_aMadrid : _bEditora Nacional, _c[1975] |
||
| 300 |
_a301 p. ; _c18 cm. |
||
| 700 | 1 |
_aBarjau, Eustaquio. _925665 |
|
| 740 | 0 | _aEnrique de Ofterdingen. | |
| 852 |
_aES-MaACL _jE-7803 _bR.91982 |
||
| 999 |
_c78278 _d78278 |
||